01315nam a2200337Ia 4500001001200000003000800012006001900020007001500039008004100054010001700095020001500112020002300127040002100150035002100171050002600192082001900218245009100237250001200328260004300340300002400383504005100407533015200458650005200610651004800662651005300710655002900763700002300792710001700815856012600832999001900958ebr10135660CaPaEBRm u cr cn|||||||||020220s2002 nyub sb 001 0 eng d z 2002024196 z1403982449 z0312295502 (cloth) aCaPaEBRcCaPaEBR a(OCoLC)64753704814aDT658.26b.A36 2002eb04a967.5103/322104aThe African stakes of the Congo Warh[electronic resource] /cedited by John F. Clark. a1st ed. aNew York :bPalgrave Macmillan,c2002. axv, 249 p. :bmaps. aIncludes bibliographical references and index. aElectronic reproduction.bPalo Alto, Calif. :cebrary,d2009.nAvailable via World Wide Web.nAccess may be limited to ebrary affiliated libraries. 0aPolitical violencezCongo (Democratic Republic) 0aCongo (Democratic Republic)xHistoryy1997- 0aCongo (Democratic Republic)xHistoryy1960-1997. 7aElectronic books.2local1 aClark, John Frank.2 aebrary, Inc.40uhttp://site.ebrary.com/lib/rucke/Doc?id=10135660zAn electronic book accessible through the World Wide Web; click to view c189798d189798